000 00358nam a22001217a 4500
999 _c3660
_d3660
005 20201209151014.0
008 201209b ||||| |||| 00| 0 eng d
020 _a0908308965
040 _cCML
245 _aStep Ahead ZJC Fashion and Fabrics.
_cMutasa J.
260 _aZimbabwe
_bLongman
_c1990
942 _2ddc
_cBK
_e1st Edition
_h6412.5
_mMUT